[Event "chess.com SpeedChess Q2Sw"]
[Site "chess.com INT"]
[Date "2022.11.12"]
[Round "3"]
[White "Santos Ruiz, Miguel"]
[Black "Vokhidov, Shamsiddin"]
[Result "1-0"]
[WhiteTitle "GM"]
[BlackTitle "GM"]
[WhiteElo "2587"]
[BlackElo "2568"]
[WhiteFideId "22291482"]
[BlackFideId "14204223"]
[EventDate "2022.11.12"]

1. e4 c5 2. Nf3 d6 3. d4 cxd4 4. Nxd4 Nf6 5. Nc3 Nc6 6. Bc4 Bd7 7. Be3 Ng4 8.
Nxc6 bxc6 9. Bc1 g6 10. Be2 Nf6 11. O-O Bg7 12. Bf4 Be6 13. e5 dxe5 14. Qxd8+
Rxd8 15. Bxe5 O-O 16. Rad1 Nd5 17. Bxg7 Kxg7 18. Na4 Nf4 19. Bf3 Bd5 20. Bxd5
cxd5 21. Rfe1 Ne6 22. Re5 Rc8 23. c3 d4 24. cxd4 Rfd8 25. d5 Kf6 26. Rde1 Nf4
27. R5e3 Rxd5 28. Rf3 Rf5 29. Nc3 Rd8 30. Kf1 Nd3 31. Rxf5+ gxf5 32. Rd1 e5 33.
f3 Ke7 34. b3 Rd4 35. g3 a6 36. Ke2 Nb4 37. Rxd4 exd4 38. a3 Nc2 39. Kd3 Ne1+
40. Kxd4 Nxf3+ 41. Kc5 Nxh2 42. Kb6 Nf1 43. Ne2 f4 44. gxf4 h5 45. Kxa6 h4 46.
Ng1 Kd6 47. b4 Kc7 48. Ka7 Ne3 49. b5 Nc4 50. a4 f5 51. Nh3 Na5 52. b6+ Kc6 53.
Ng5 Nb7 54. Nh3 Na5 55. Ng1 Nb7 56. Ka6 Nc5+ 57. Ka7 Nxa4 58. b7 Nc5 59. b8=Q
Kd5 60. Qe5+ Kc4 61. Qxf5 Nd3 62. Qe4+ Kc3 63. Nf3 Nc5 64. Qd4+ 1-0

[Event "chess.com SpeedChess Q2Sw"]
[Site "chess.com INT"]
[Date "2022.11.12"]
[Round "3"]
[White "Mikhailov, Viacheslav"]
[Black "Sreyas, Payyappat"]
[Result "0-1"]
[WhiteTitle "IM"]
[BlackTitle "FM"]
[WhiteElo "2428"]
[BlackElo "2145"]
[WhiteFideId "4187369"]
[BlackFideId "46674969"]
[EventDate "2022.11.12"]

1. Nf3 Nf6 2. g3 g6 3. Bg2 Bg7 4. O-O c5 5. d4 cxd4 6. Nxd4 Nc6 7. c4 h5 8. Nc3
h4 9. Bg5 hxg3 10. hxg3 Qa5 11. Bxf6 Bxf6 12. e3 Qg5 13. Ne4 Qh6 14. Nxf6+ exf6
15. f4 O-O 16. Nb5 f5 17. Qd2 a6 18. Nc7 Rb8 19. Qc3 Qg7 20. Qxg7+ Kxg7 21. Rfd1
b5 22. c5 Nb4 23. Kf2 Bb7 24. Rxd7 Bxg2 25. Ne6+ Kg8 26. Nxf8 Bc6 27. Rd6 Kxf8
28. a3 Nc2 29. Rc1 Be4 30. Rxa6 Rc8 31. b4 Rd8 32. Rd6 Rxd6 33. cxd6 Ke8 34. Rd1
Kd7 35. Rc1 Kxd6 36. g4 Nxa3 37. g5 Nc2 38. Rd1+ Ke7 39. Rc1 Nxb4 40. Rc7+ Kf8
41. Ra7 Nd3+ 42. Ke2 b4 43. Kd2 b3 44. Ra6 b2 45. Rb6 Nb4 46. Rxb4 b1=Q 47. Rxb1
Bxb1 48. Kc3 Be4 49. Kd4 Ke7 50. Ke5 Bb1 51. Kd5 Bc2 52. Ke5 Be4 53. Kd4 Kd6 54.
Kc4 Bf3 55. Kd4 Bd5 56. Kc3 Kc5 57. Kd3 Be4+ 58. Kc3 Kb5 59. Kd4 Kb4 60. Ke5 Kc3
61. Kd6 Kd3 62. Ke7 Bd5 63. Kd6 Ba2 64. Ke5 Kxe3 65. Kf6 Kxf4 0-1

[Event "chess.com SpeedChess Q2Sw"]
[Site "chess.com INT"]
[Date "2022.11.12"]
[Round "3"]
[White "Ter-Sahakyan, Samvel"]
[Black "Korchmar, Vasiliy"]
[Result "1-0"]
[WhiteTitle "GM"]
[BlackTitle "IM"]
[WhiteElo "2605"]
[BlackElo "2438"]
[WhiteFideId "13302531"]
[BlackFideId "24131750"]
[EventDate "2022.11.12"]

1. d4 d5 2. c4 c6 3. Nf3 Nf6 4. Nc3 e6 5. Bg5 Nbd7 6. e3 Be7 7. Qc2 O-O 8. Rd1
a6 9. a3 h6 10. Bh4 b6 11. Bd3 Bb7 12. O-O Rc8 13. Qe2 dxc4 14. Bxc4 b5 15. Ba2
c5 16. dxc5 Rxc5 17. e4 Rxc3 18. bxc3 Nxe4 19. Bxe7 Qxe7 20. Qb2 Ndc5 21. Bb1
Qf6 22. Qc2 Qxc3 23. Rfe1 Qxc2 24. Bxc2 Nc3 25. Rc1 Bxf3 26. gxf3 Nd5 27. Be4
Nb3 28. Rc6 a5 29. Bxd5 exd5 30. Rb6 Nd4 31. Rd1 Nxf3+ 32. Kg2 Ne5 33. Rxb5 a4
34. Rbxd5 Nc4 35. R1d4 Nxa3 36. Rxa4 Nc2 37. Rc4 Ne1+ 38. Kg3 Re8 39. Rcd4 Re6
40. Rd6 Re5 41. R4d5 Re7 42. Rd8+ Kh7 43. R8d7 Re6 44. Rxf7 Rg6+ 45. Kf4 Ng2+
46. Ke4 Nh4 47. f4 Rg1 48. Rdd7 Re1+ 49. Kd3 Rd1+ 50. Ke2 Rxd7 51. Rxd7 Kg6 52.
Ke3 Nf5+ 53. Ke4 Nh4 54. Ke5 Nf3+ 55. Ke6 Nxh2 56. f5+ Kh7 57. f6 Nf3 58. Rxg7+
Kh8 59. Rg3 Nd4+ 60. Kf7 Nf5 61. Rg1 h5 62. Rh1 Ng3 63. Rh3 1-0

[Event "chess.com SpeedChess Q2Sw"]
[Site "chess.com INT"]
[Date "2022.11.12"]
[Round "3"]
[White "Jumabayev, Rinat"]
[Black "Dubov, Daniil"]
[Result "0-1"]
[WhiteTitle "GM"]
[BlackTitle "GM"]
[WhiteElo "2620"]
[BlackElo "2708"]
[WhiteFideId "13702661"]
[BlackFideId "24126055"]
[EventDate "2022.11.12"]

1. d4 Nf6 2. c4 e6 3. Nf3 d5 4. g3 Be7 5. Bg2 O-O 6. O-O dxc4 7. Qc2 b5 8. a4 b4
9. Nfd2 Nd5 10. Nxc4 c5 11. dxc5 Ba6 12. Nbd2 Bxc5 13. Ne4 Nd7 14. b3 Rc8 15.
Bb2 Be7 16. Rac1 N7b6 17. Ned2 Bf6 18. a5 Nxc4 19. Nxc4 Bxb2 20. Qxb2 Nc3 21.
Rxc3 bxc3 22. Qxc3 Bxc4 23. bxc4 Rc5 24. Ra1 Qc7 25. Bf3 Rc8 26. Kg2 Rxc4 27.
Qe3 Qc5 28. Qd2 Qd4 29. Qe1 h6 30. a6 Qc3 31. Qb1 Rb4 32. Qd1 Rd4 33. Qb1 Qb4
34. Qa2 Rd2 35. Qa5 Qxa5 36. Rxa5 Rc7 37. Re5 g6 38. Bb7 Rcc2 39. Kf3 Rc3+ 40.
Kg2 Kg7 41. f4 Kf6 42. Kf2 Ke7 43. h4 Kd6 44. Ra5 Rcc2 45. Re5 Rb2 46. h5 g5 47.
Bf3 gxf4 48. gxf4 Rd4 49. Kg3 Rb3 50. e3 Rdd3 51. Kf2 Ra3 52. Bb7 f6 53. Re4
Rd2+ 54. Kf3 Rc3 55. Rb4 Rdd3 56. Re4 f5 57. Re5 Rc5 58. Ke2 Ra3 59. Rxc5 Kxc5
60. Bc8 Kd6 61. Kf3 Rc3 62. Bb7 Rc2 63. e4 Rc3+ 64. Kf2 fxe4 65. Bxe4 Ra3 66.
Bb7 Ke7 67. Bc8 Kf6 68. Kg2 Kf5 69. Kf2 Kxf4 0-1

[Event "chess.com SpeedChess Q2Sw"]
[Site "chess.com INT"]
[Date "2022.11.12"]
[Round "3"]
[White "Sanchez, Robert"]
[Black "Novik, Maxim"]
[Result "1/2-1/2"]
[BlackTitle "GM"]
[WhiteElo "1971"]
[BlackElo "2412"]
[WhiteFideId "2034360"]
[BlackFideId "4102924"]
[EventDate "2022.11.12"]

1. e4 c6 2. d4 d5 3. e5 Bf5 4. Nf3 e6 5. Be2 Ne7 6. O-O Nd7 7. Nbd2 Ng6 8. Nb3
f6 9. exf6 Qxf6 10. Bg5 Qf7 11. c3 Bd6 12. h3 O-O 13. Be3 Nf4 14. Bxf4 Bxf4 15.
Re1 Rae8 16. Bd3 Bxd3 17. Qxd3 e5 18. dxe5 Nxe5 19. Nxe5 Bxe5 20. Re2 Bd6 21.
Nd4 Rxe2 22. Qxe2 Re8 23. Qg4 Qf4 24. Qxf4 Bxf4 25. g3 Bd6 26. Kf1 Kf7 27. Nf5
Bc5 28. b4 Bf8 29. a4 g6 30. Nd4 Bg7 31. Rd1 Re4 32. Rd3 Bf6 33. f3 Re7 34. Kf2
a6 35. Nb3 h5 36. h4 g5 37. hxg5 Bxg5 38. b5 h4 39. gxh4 Bxh4+ 40. Kf1 Re1+ 41.
Kg2 axb5 42. axb5 Be7 43. bxc6 bxc6 44. Nd4 c5 45. Nf5 Re5 46. Nxe7 Kxe7 47. f4
Rh5 48. Kg3 Kd6 49. Kg4 Rh1 50. Re3 c4 51. f5 Rd1 52. f6 Rf1 53. Kg5 d4 54. cxd4
Kd5 55. Kg6 Kxd4 56. Re8 c3 57. f7 c2 58. Rc8 Rg1+ 59. Kh7 Rh1+ 60. Kg8 Rg1+ 61.
Kh7 Rf1 62. Rxc2 Rxf7+ 63. Kh6 Rf4 64. Rg2 Re4 65. Kh5 Re5+ 66. Rg5 Rxg5+ 67.
Kxg5 1/2-1/2

[Event "chess.com SpeedChess Q2Sw"]
[Site "chess.com INT"]
[Date "2022.11.12"]
[Round "3"]
[White "Zhu, Jiner"]
[Black "Yoo, Christopher Woojin"]
[Result "0-1"]
[WhiteTitle "WGM"]
[BlackTitle "GM"]
[WhiteElo "2486"]
[BlackElo "2573"]
[WhiteFideId "8608059"]
[BlackFideId "30909694"]
[EventDate "2022.11.12"]

1. e4 c6 2. Nc3 d5 3. Nf3 Bg4 4. h3 Bh5 5. g3 e6 6. Bg2 Nf6 7. e5 Nfd7 8. d4
Bxf3 9. Bxf3 c5 10. O-O Nc6 11. dxc5 Ndxe5 12. Re1 Bxc5 13. Bg2 O-O 14. Qe2 Qf6
15. h4 Qf5 16. Nd1 Qg4 17. Qxg4 Nxg4 18. c3 Nce5 19. Re2 Nd3 20. Bh3 Nxc1 21.
Rxc1 Nf6 22. Bg2 Rac8 23. c4 Bb6 24. Rec2 Rfd8 25. cxd5 Rxc2 26. Rxc2 Nxd5 27.
Nc3 Nb4 28. Re2 Rd7 29. a3 Nc6 30. Bxc6 bxc6 31. Kg2 Kf8 32. Rc2 Bd4 33. Ne2 c5
34. Kf3 Ke7 35. Rc4 Bxb2 36. Rxc5 Bxa3 37. Rc8 a5 38. Nc3 Bb4 39. Na4 f5 40. Ke2
Rd2+ 41. Ke3 Ra2 42. Nb6 a4 43. Rc4 Be1 44. Nxa4 Bxf2+ 45. Kf3 Be1 46. g4 Ra3+
47. Ke2 Bg3 48. gxf5 exf5 49. Nc5 Bd6 50. Nd3 Ra2+ 51. Kf3 Rh2 52. Ra4 Ke6 53.
Nf2 h6 54. Rc4 g5 55. hxg5 hxg5 56. Rc6 Kd5 57. Ra6 Bc5 58. Nd3 Rh3+ 59. Ke2 Bd4
60. Ra5+ Ke4 61. Ne1 Rh2+ 62. Kd1 g4 63. Ra4 g3 64. Nc2 Rxc2 65. Kxc2 g2 0-1

[Event "chess.com SpeedChess Q2Sw"]
[Site "chess.com INT"]
[Date "2022.11.12"]
[Round "3"]
[White "Naroditsky, Daniel"]
[Black "Aghasiyev, Kamal"]
[Result "1-0"]
[WhiteTitle "GM"]
[BlackTitle "IM"]
[WhiteElo "2617"]
[BlackElo "2441"]
[WhiteFideId "2026961"]
[BlackFideId "13402854"]
[EventDate "2022.11.12"]

1. e4 e5 2. Nf3 Nc6 3. Bb5 a6 4. Ba4 Nf6 5. O-O b5 6. Bb3 Bc5 7. d3 d6 8. a4 Rb8
9. Nc3 h6 10. axb5 axb5 11. Nd5 Nxd5 12. Bxd5 Ne7 13. Bb3 O-O 14. c3 Bb6 15. h3
Ng6 16. Be3 c5 17. Nh2 Kh7 18. Qh5 f5 19. Nf3 f4 20. h4 Qf6 21. Bd2 Kh8 22. Ng5
Bd7 23. Ra6 Bc8 24. Raa1 Bd7 25. Bd5 Ne7 26. Nf7+ Kh7 27. Ng5+ Kh8 28. Bf7 Be8
29. Bxe8 Rbxe8 30. Ra6 Rb8 31. Rfa1 c4 32. dxc4 bxc4 33. Be1 d5 34. exd5 Nxd5
35. Ne4 Qc6 36. Qxe5 Rbe8 37. Qd6 Qb7 38. Nc5 Bxc5 39. Qxc5 f3 40. Ra7 Qxb2 41.
Qxd5 fxg2 42. Qxg2 Rg8 43. Rd1 Qc2 44. Rad7 Re6 45. R7d6 Rxd6 46. Rxd6 Qc1 47.
Qe4 Rf8 48. Re6 Qd1 49. Re8 Rxe8 50. Qxe8+ Kh7 51. Qe4+ Kh8 52. Kf1 Qb3 53. Qe8+
Kh7 54. Qe4+ Kh8 55. Ke2 Qb2+ 56. Bd2 Qb5 57. f3 Qc5 58. Qd4 Qc6 59. Bf4 Qe6+
60. Be5 Kh7 61. Qe4+ Kg8 62. Bd4 Qa6 63. Ke3 Qa2 64. Qg6 Kf8 65. Bxg7+ Ke7 66.
Bd4 Qb2 67. Qf6+ Kd7 68. Qf7+ Kd6 69. Qxc4 Qc1+ 70. Kf2 Qd2+ 71. Qe2 Qf4 72.
Qe5+ Qxe5 73. Bxe5+ Kxe5 74. Ke3 1-0

[Event "chess.com SpeedChess Q2Sw"]
[Site "chess.com INT"]
[Date "2022.11.12"]
[Round "3"]
[White "Djordjevic, Vuk"]
[Black "Crevatin, Leo"]
[Result "0-1"]
[WhiteTitle "IM"]
[BlackTitle "FM"]
[WhiteElo "2394"]
[BlackElo "2301"]
[WhiteFideId "902098"]
[BlackFideId "1726307"]
[EventDate "2022.11.12"]

1. d4 Nf6 2. Bg5 d5 3. Bxf6 exf6 4. e3 Bd6 5. c4 dxc4 6. Bxc4 O-O 7. Nc3 c6 8.
Nf3 Re8 9. O-O Nd7 10. Rb1 a5 11. a3 Nb6 12. Bd3 a4 13. h3 Be6 14. Nd2 f5 15.
Bc2 f4 16. Nde4 fxe3 17. fxe3 Bc7 18. Qh5 h6 19. Nc5 Qd6 20. Rf4 Nd5 21. Nxd5
Bxd5 22. Rbf1 Rxe3 23. Qf5 g6 24. Qg4 h5 25. Qg5 Re2 26. Be4 Bxe4 27. Rxe4 Rxe4
28. Nxe4 Qxd4+ 29. Nf2 Qe5 30. Qxe5 Bxe5 31. Nd3 Bg7 32. Rf4 Rd8 33. Rf3 Rd5 34.
Kf1 Rb5 35. Rf2 Rb3 36. Rd2 Bd4 37. Ke2 c5 38. Rc2 b5 39. Nxc5 Bxc5 40. Rxc5
Rxb2+ 41. Kf3 Rb3+ 42. Kf4 b4 43. axb4 Rxb4+ 44. Kg5 Kg7 45. Rc7 Rb5+ 46. Kf4
Ra5 47. Rc2 a3 48. Ra2 Ra4+ 49. Ke3 Kf6 50. g3 Ke5 51. Kd3 f5 52. Re2+ Kd5 53.
Ra2 g5 54. Kc3 Ke4 55. Kb3 Ra5 56. Ra1 a2 57. Kb2 Kf3 58. Rf1+ Kxg3 59. Ka1 Kxh3
60. Rh1+ Kg4 61. Rg1+ Kf4 62. Rf1+ Ke5 63. Re1+ Kf6 64. Rh1 h4 65. Rh2 Kg6 66.
Rg2 Kh5 67. Rd2 g4 68. Rd8 g3 69. Rh8+ Kg4 70. Rg8+ Kh3 71. Rc8 g2 72. Rc3+ Kh2
73. Rc2 h3 74. Re2 f4 75. Rf2 Kg3 76. Rc2 g1=Q+ 77. Kb2 a1=Q+ 78. Kb3 Qa3+ 79.
Kc4 Rc5# 0-1

[Event "chess.com SpeedChess Q2Sw"]
[Site "chess.com INT"]
[Date "2022.11.12"]
[Round "3"]
[White "Mahdavi, Reza"]
[Black "Koc, Przemyslaw"]
[Result "0-1"]
[WhiteTitle "FM"]
[WhiteElo "2316"]
[BlackElo "2346"]
[WhiteFideId "12595926"]
[BlackFideId "1109081"]
[EventDate "2022.11.12"]

1. e4 e5 2. Nf3 Nf6 3. Nc3 Nc6 4. g3 d5 5. exd5 Nxd5 6. Bg2 Nxc3 7. bxc3 Be7 8.
O-O O-O 9. d3 Bg4 10. h3 Bh5 11. Rb1 Rb8 12. Re1 Bf6 13. g4 Bg6 14. g5 Be7 15.
Nxe5 Nxe5 16. Rxe5 f6 17. Rd5 Qc8 18. gxf6 Bxf6 19. Ba3 Re8 20. Qd2 Kh8 21. Re1
Bf7 22. Rxe8+ Qxe8 23. Rc5 c6 24. Ra5 a6 25. Bd6 Rd8 26. Bg3 Qd7 27. Ra4 Re8 28.
a3 Qf5 29. Kh2 Qc5 30. c4 Bg5 31. Ra5 Bxd2 32. Rxc5 Bc3 33. Rf5 Kg8 34. Rf3 Re2
35. Re3 Rxc2 36. Re7 Rb2 37. Rc7 Bg6 38. Rd7 Ra2 39. Rxb7 Rxa3 40. Bxc6 h5 41.
Bd5+ Kh7 42. c5 Bf6 43. h4 Rxd3 44. Bb3 Be4 45. Bc2 Bxb7 46. Bxd3+ Kg8 47. Bg6
Be7 48. Bd6 Kf8 49. Kg3 Bxd6+ 50. cxd6 a5 51. Kf4 a4 52. Ke5 a3 53. Bb1 Ke8 54.
Ba2 Kd7 55. Be6+ Kc6 56. f4 Bc8 57. Bd5+ Kc5 58. Ba2 Bd7 59. f5 Bc8 60. Be6 Bd7
61. Ba2 Bc8 62. Bb3 Bd7 63. Be6 Bc8 64. Bxc8 a2 65. Ke6 a1=Q 66. Ke7 Qf6+ 67.
Ke8 Qxd6 68. Kf7 Qf6+ 69. Kg8 Kd6 70. Be6 Ke5 71. Kh7 Kf4 72. Bd7 Kg4 73. Be8
Kxh4 74. Bg6 Kg4 75. Kg8 h4 76. Kh7 h3 77. Kh8 h2 78. Kg8 h1=Q 79. Bf7 Qa8+ 80.
Kh7 Qh6# 0-1

[Event "chess.com SpeedChess Q2Sw"]
[Site "chess.com INT"]
[Date "2022.11.12"]
[Round "3"]
[White "Ozdemir, Serhan Berat"]
[Black "Begunov, Konstantin"]
[Result "0-1"]
[WhiteTitle "FM"]
[BlackTitle "FM"]
[WhiteElo "2193"]
[BlackElo "2325"]
[WhiteFideId "6374611"]
[BlackFideId "4118510"]
[EventDate "2022.11.12"]

1. e4 c5 2. Nf3 d6 3. d4 cxd4 4. Nxd4 Nf6 5. Nc3 a6 6. Bg5 e6 7. f4 Qb6 8. Qd2
Nc6 9. Bxf6 gxf6 10. O-O-O Nxd4 11. Qxd4 Qxd4 12. Rxd4 Bd7 13. g3 Bc6 14. Bh3 h5
15. f5 Ke7 16. Rhd1 h4 17. g4 Bh6+ 18. Kb1 Bf4 19. Rh1 Be5 20. Rd3 Rad8 21. Bg2
h3 22. Rxh3 Rxh3 23. Bxh3 Rh8 24. Bg2 Rxh2 25. Rxh2 Bxh2 26. Ne2 Be5 27. c3 Kf8
28. Nd4 Bxd4 29. cxd4 e5 30. dxe5 dxe5 31. Kc2 Kg7 32. Kd3 Kh6 33. Ke3 Kg5 34.
Bf3 Kh4 35. Be2 Kg3 36. b3 Bb5 37. Bd1 Bf1 38. a4 a5 39. Bc2 Kxg4 40. Bd1+ Kg3
41. Bc2 Kg2 42. Bd1 b6 43. Bh5 Ba6 44. Bxf7 Kf1 45. Bh5 Ke1 46. Bg4 Bb7 47. Kd3
Ba6+ 48. Ke3 Bf1 49. Bf3 Ba6 50. Bh5 Bb7 51. Kd3 Bc6 52. Ke3 Bd7 53. Bf7 Bc8 54.
Kd3 Kd1 55. Bd5 Ba6+ 56. Kc3 Ke2 57. b4 Ke3 58. bxa5 bxa5 59. Kb3 Bd3 60. Kc3
Bxe4 61. Be6 Kf4 62. Kc4 Bxf5 63. Bd5 Bc2 64. Kb5 e4 65. Kxa5 e3 66. Bc4 Ke4 67.
Be2 Bd3 68. Bh5 e2 69. Bxe2 Bxe2 70. Kb4 f5 71. Kc3 f4 72. Kd2 Kf3 73. a5 Kf2 0-1

[Event "chess.com SpeedChess Q2Sw"]
[Site "chess.com INT"]
[Date "2022.11.12"]
[Round "3"]
[White "Vidit, Santosh Gujrathi"]
[Black "Klukin, Kirill"]
[Result "1/2-1/2"]
[WhiteTitle "GM"]
[BlackTitle "IM"]
[WhiteElo "2724"]
[BlackElo "2390"]
[WhiteFideId "5029465"]
[BlackFideId "24199273"]
[EventDate "2022.11.12"]

1. e4 c5 2. Nf3 g6 3. c3 Bg7 4. d4 cxd4 5. cxd4 d5 6. e5 a6 7. h3 Nc6 8. Be2 f6
9. exf6 Nxf6 10. O-O O-O 11. Nc3 Nh5 12. Re1 Nf4 13. Bf1 e6 14. g3 Nh5 15. Bg2
Qd6 16. Be3 Bd7 17. Na4 Rae8 18. Nc5 Bc8 19. Rc1 Ne7 20. Qb3 Nf5 21. Ne5 Nxe3
22. Qxe3 Bxe5 23. dxe5 Qd8 24. Nb3 Ng7 25. g4 Rf7 26. Nd4 Ref8 27. Rc3 Qh4 28.
Rec1 Bd7 29. Rc7 h5 30. Nf3 Rxf3 31. Bxf3 Bc6 32. Qh6 Rf7 33. Rxf7 Kxf7 34. Qf4+
Kg8 35. Qf6 Qxh3 36. gxh5 gxh5 37. Bg2 Qg4 38. Rc3 h4 39. Rf3 d4 40. Kh2 Bxf3
41. Bxf3 Qf5 42. Qd8+ Kh7 43. Qxh4+ Kg8 44. Qd8+ Kh7 45. Qf6 Qxf6 46. exf6 Nf5
47. Bxb7 a5 48. Be4 Kg6 49. Kg2 Kxf6 50. Kf3 Nd6 51. Bd3 Ke5 52. Ke2 Kd5 53. f3
e5 54. Kd2 Kc5 55. Kc2 Nf7 56. Kb3 Ng5 57. Be2 Ne6 58. Ka4 Kb6 59. Kb3 Nf4 60.
Bf1 Kc5 61. a3 Nd5 62. Ka4 Kb6 63. Kb3 Kc5 64. Bd3 Nf4 65. Be4 Ne6 66. Kc2 Ng5
67. Ba8 Kc4 68. b3+ Kc5 69. Kd3 Ne6 70. Ke4 Kd6 71. b4 axb4 72. axb4 Ng5+ 73.
Kf5 Ne6 74. Be4 Nc7 75. Bd3 Ne6 76. Bc4 Nc7 77. Bf1 Kd5 78. b5 Na8 79. Bd3 Nb6
80. Be4+ Kd6 81. Bc2 Nc4 82. Bd3 Nb6 83. Kf6 Nd5+ 84. Kf5 Nb6 85. Bb1 Nc4 86.
Ba2 Nb6 87. Bb3 Nd7 88. Bc2 Nb6 89. Ke4 Nc4 90. Bd3 Nb6 91. f4 exf4 92. Kxd4 f3
93. Ke3 Kc5 94. Kxf3 Nd5 95. Bf1 Nc7 96. Be2 Nxb5 1/2-1/2

[Event "chess.com SpeedChess Q2Sw"]
[Site "chess.com INT"]
[Date "2022.11.12"]
[Round "3"]
[White "Mouhamad, Joachim"]
[Black "Srihari, L R"]
[Result "0-1"]
[WhiteTitle "FM"]
[BlackTitle "IM"]
[WhiteElo "2266"]
[BlackElo "2436"]
[WhiteFideId "656410"]
[BlackFideId "46617116"]
[EventDate "2022.11.12"]

1. e4 d6 2. d4 Nf6 3. Nc3 e5 4. Nf3 Nbd7 5. Bc4 Be7 6. O-O O-O 7. a4 c6 8. h3
Qc7 9. Re1 a5 10. b3 h6 11. Ba3 Re8 12. dxe5 Nxe5 13. Be2 Bf8 14. Qd2 Be6 15.
Rad1 Rad8 16. Nd4 Bc8 17. f4 Ned7 18. Bf3 Nc5 19. Qf2 d5 20. e5 Nfe4 21. Bxe4
Nxe4 22. Nxe4 Bxa3 23. Ng3 Bb4 24. Re2 b6 25. Ngf5 Bc5 26. Ne3 Bb7 27. c3 Bf8
28. Ndf5 g6 29. Qg3 Kh7 30. Nd4 c5 31. Nb5 Qb8 32. Ng4 Bg7 33. Rde1 d4 34. cxd4
cxd4 35. Rd2 h5 36. Qh4 Rd7 37. Nf6+ Bxf6 38. Qxf6 Qd8 39. Qxd8 Rexd8 40. Red1
d3 41. Nd6 Ba6 42. Kf2 f6 43. Ke3 fxe5 44. fxe5 Re7 45. Kd4 Rf8 46. Re1 Rf4+ 47.
Re4 Rf1 48. e6 Bb7 49. Re5 Bc6 50. Kxd3 Rf6 51. Rde2 Kg7 52. Kc3 h4 53. Nc4 Bb7
54. Nxb6 Rc7+ 55. Kb2 Re7 56. Nc4 Rf5 57. Rxf5 gxf5 58. Nxa5 Bd5 59. Nc4 Kf6 60.
Kc3 Bxe6 61. a5 Rg7 62. Rf2 Rg3+ 63. Kb4 Bd5 64. a6 Bxg2 65. Nb6 Be4 66. a7 Rxh3
67. Rf4 Bb7 68. Rc4 Kg5 69. Rc5 Rg3 70. Rc7 Bg2 71. Rc5 h3 72. Nd5 h2 73. a8=Q
h1=Q 74. Qg8+ Kh4 75. Rc4+ Be4 76. Qh7+ Kg5 77. Qg7+ Kh5 78. Qxg3 Bxd5 79. Rd4
Be4 80. Qd6 Kg4 81. Qc5 Kf3 82. Qc3+ Kg4 83. Rd2 Qf3 84. Qxf3+ Kxf3 85. Kc3 Ke3
86. Rd8 f4 87. Rf8 f3 88. b4 f2 89. b5 Bf3 90. Rxf3+ Kxf3 91. b6 f1=Q 92. b7 Qb5
93. Kd4 Qxb7 94. Kc3 Qe4 0-1

[Event "chess.com SpeedChess Q2Sw"]
[Site "chess.com INT"]
[Date "2022.11.12"]
[Round "3"]
[White "Grycel, Kamil"]
[Black "Bluebaum, Matthias"]
[Result "1/2-1/2"]
[WhiteTitle "FM"]
[BlackTitle "GM"]
[WhiteElo "2315"]
[BlackElo "2651"]
[WhiteFideId "1115499"]
[BlackFideId "24651516"]
[EventDate "2022.11.12"]

1. b3 d5 2. Bb2 Bf5 3. Nf3 e6 4. g3 Nf6 5. Bg2 h6 6. c4 c6 7. O-O Bd6 8. d3 Bh7
9. Nbd2 O-O 10. Ne5 Nbd7 11. Ndf3 a5 12. a3 Qe7 13. Qc2 Rfc8 14. Rfc1 Nxe5 15.
Nxe5 Nd7 16. Nxd7 Qxd7 17. c5 Bf8 18. b4 Qc7 19. Qc3 f6 20. e4 Kh8 21. Re1 Qf7
22. exd5 cxd5 23. d4 Re8 24. b5 Qd7 25. a4 g5 26. Rac1 Qd8 27. Qf3 Bg7 28. c6
bxc6 29. bxc6 Be4 30. Qc3 Bxg2 31. Kxg2 Qc7 32. Ba3 e5 33. dxe5 fxe5 34. Qc5 Bf8
35. Qc3 d4 36. Qa1 Bg7 37. Qb1 Rab8 38. Qg6 Red8 39. Rb1 d3 40. Rxb8 Rxb8 41.
Qxd3 Qxc6+ 42. Qe4 Qd7 43. Re2 Qf7 44. Bb2 Rb4 45. Qa8+ Kh7 46. Bxe5 Bf8 47. Qc6
Qb7 48. Qxb7+ Rxb7 49. Re4 Rb3 50. Bc7 Bc5 51. Bxa5 Rb2 52. Be1 Ra2 53. h4 Kg6
54. hxg5 hxg5 55. Kf1 Kf5 56. Re2 Ra1 57. a5 Bb4 58. g4+ Kg6 59. Re4 Bxa5 60.
Re6+ Kf7 61. Re2 Bc3 62. f3 Kf6 63. Kf2 Bd4+ 64. Kf1 Ra3 65. Kg2 Be5 66. Bf2 Bf4
67. Rc2 Rd3 68. Rc6+ Ke7 69. Rc5 Ke6 70. Rc2 Kd5 71. Re2 Ra3 72. Bg3 Be3 73. Bf2
Bf4 74. Rc2 Rb3 75. Rc5+ Kd6 76. Rc2 Ke6 77. Bg3 Be3 78. Re2 Kd5 79. Bh2 Kc4 80.
Be5 Kd3 81. Ra2 Rb1 82. Bg3 Rg1+ 83. Kh2 Rb1 84. Bf2 Bf4+ 85. Kg2 Rb3 86. Ra6
Rb2 87. Re6 Kc4 88. Re4+ Kd5 89. Kf1 Rb1+ 90. Kg2 Rb2 91. Kf1 Be5 92. Be3 Bf6
93. Bf2 Rb1+ 94. Re1 Rb2 95. Re2 Rb3 96. Kg2 Ra3 97. Rd2+ Ke6 98. Rc2 Rb3 99.
Rc4 Kd5 100. Re4 Be5 101. Bg3 Rb2+ 102. Kh3 Bf6 103. Re1 Rc2 104. Rd1+ Ke6 105.
Rd3 Ra2 106. Rd6+ Ke7 107. Rc6 Kf7 108. Bh2 Bd4 109. Rc4 Bf6 110. Re4 Ra3 111.
Kg2 Ra2+ 112. Kh3 1/2-1/2

[Event "chess.com SpeedChess Q2Sw"]
[Site "chess.com INT"]
[Date "2022.11.12"]
[Round "4"]
[White "Alahakoon, Isuru"]
[Black "Ezat, Mohamed"]
[Result "0-1"]
[WhiteTitle "FM"]
[BlackTitle "IM"]
[WhiteElo "1984"]
[BlackElo "2404"]
[WhiteFideId "9900993"]
[BlackFideId "10600906"]
[EventDate "2022.11.12"]

1. Nf3 Nf6 2. d4 g6 3. Nc3 d5 4. Bf4 Bg7 5. Nb5 Na6 6. e3 O-O 7. h4 Bg4 8. Be2
Bxf3 9. Bxf3 h5 10. Be2 Re8 11. Bf3 c6 12. Nc3 Qd7 13. Be5 Ng4 14. Bxg7 Kxg7 15.
Bxg4 hxg4 16. Qxg4 Qxg4 0-1

[Event "chess.com SpeedChess Q2Sw"]
[Site "chess.com INT"]
[Date "2022.11.12"]
[Round "4"]
[White "Johnson, Donald"]
[Black "Podobnik, Marijan"]
[Result "1-0"]
[WhiteTitle "FM"]
[BlackTitle "FM"]
[WhiteElo "2232"]
[BlackElo "2118"]
[WhiteFideId "30949122"]
[BlackFideId "14502151"]
[EventDate "2022.11.12"]

1. b3 e5 2. Bb2 Nc6 3. e3 Nf6 4. Nf3 e4 5. Nd4 Nxd4 6. Bxd4 d5 7. d3 Be7 8. Nd2
Bf5 9. dxe4 dxe4 10. Be2 O-O 11. O-O h6 12. c4 c6 13. Qc2 Bg6 14. Rad1 Qc7 15.
Bxf6 Bxf6 16. Nxe4 Be7 17. Bd3 Rad8 18. Ng3 Bxd3 19. Rxd3 Rxd3 20. Qxd3 Rd8 21.
Qe2 Qd7 22. Ne4 Qd3 23. Qxd3 Rxd3 24. Rc1 f5 25. Nc3 Bb4 26. Nb1 Kf7 27. Kf1 Ke6
28. Ke2 Rd7 29. Rd1 Rxd1 30. Kxd1 g6 31. Ke2 h5 32. Kd3 Bd6 33. e4 Bxh2 34. g3
Bg1 35. Ke2 f4 36. Kf1 Bh2 37. Kg2 fxg3 38. fxg3 Bxg3 39. Kxg3 Ke5 40. Kf3 g5
41. Ke3 g4 42. Nc3 h4 43. Ne2 g3 44. Ng1 c5 45. Nf3+ 1-0

[Event "chess.com SpeedChess Q2Sw"]
[Site "chess.com INT"]
[Date "2022.11.12"]
[Round "4"]
[White "Korchmar, Vasiliy"]
[Black "Miszler, Levente"]
[Result "1-0"]
[WhiteTitle "IM"]
[BlackTitle "CM"]
[WhiteElo "2438"]
[BlackElo "2276"]
[WhiteFideId "24131750"]
[BlackFideId "763276"]
[EventDate "2022.11.12"]

1. e4 e6 2. d4 d5 3. e5 c5 4. c3 Nc6 5. Nf3 Bd7 6. Be2 f6 7. O-O fxe5 8. Nxe5
Nxe5 9. dxe5 Qc7 10. f4 O-O-O 11. Be3 Ne7 12. Nd2 h6 13. b4 Nf5 14. Bf2 Kb8 15.
Nb3 c4 16. Nd4 Nxd4 17. Qxd4 b6 18. a4 g5 19. f5 exf5 20. e6 Bxe6 21. Qxh8 Bg7
22. Qh7 Qf7 23. Bh5 Qxh5 24. Qxg7 f4 25. Qe5+ 1-0

[Event "chess.com SpeedChess Q2Sw"]
[Site "chess.com INT"]
[Date "2022.11.12"]
[Round "4"]
[White "Zhu, Jiner"]
[Black "Manukian, Artak"]
[Result "1-0"]
[WhiteTitle "WGM"]
[WhiteElo "2486"]
[BlackElo "2196"]
[WhiteFideId "8608059"]
[BlackFideId "13301373"]
[EventDate "2022.11.12"]

1. e4 c6 2. d4 d5 3. e5 Bf5 4. h4 h5 5. Bd3 Bxd3 6. Qxd3 Qa5+ 7. Nd2 Qa6 8. e6
Qxd3 9. exf7+ Kxf7 10. cxd3 Nh6 11. Ndf3 Nd7 12. Nh3 Nf5 13. Bf4 Nxd4 14. Nhg5+
Kg6 15. Nxd4 e5 16. Bxe5 Nxe5 17. O-O Re8 18. Rae1 Bb4 19. Re2 Nxd3 20. Nde6 Nc5
21. Nf4+ Kf5 22. Rxe8 Rxe8 23. Nxh5 Re2 24. Ng3+ 1-0